| 000 | 00630nam a22001937a 4500 | ||
|---|---|---|---|
| 999 |
_c182640 _d182640 |
||
| 005 | 20211130115637.0 | ||
| 010 | _aENG-130138 | ||
| 020 |
_a978-81-9061-709-3 _c1595.00 |
||
| 035 | _aEN-113670 | ||
| 037 | _bDBAD/PUB | ||
| 082 | _a621.38 | ||
| 100 | _aKumar, K. Vinoth. | ||
| 245 |
_aBasics Electrical and Electronics Engineering-1 _cK. Vinoth Kumar |
||
| 250 | _a2019 | ||
| 260 |
_aChennai _bCBA Publisher _c2019 |
||
| 270 |
_aA-1, Thenmozhi Nagar, Third Street Keelkattalai _bChennai _e600117 _mcbapublisher@gmail.com _k044-22470770 |
||
| 300 |
_a304p. _c24cm (hbk) _bIndex |
||
| 942 |
_2ddc _cEN _h621.38 _mVIN |
||